000 00350nam a2200133Ia 4500
008 240624s9999 xx 000 0 und d
041 _aeng
082 _a155.25 HIG
100 _aHIGH JANA L
245 _aHIGH TECH ETIQUETTE PERFECTING THE ART O
260 _c2008
_aNew Delhi
_bViva Books
300 _axii, : 179 : p. : cm. ; 21
365 _cRS
_b27
999 _c15494
_d15494